000 00779nam a22002057a 4500
999 _c17217
_d17217
003 AR-CdUCM
008 190507b ||||| |||| 00| 0 spa d
040 _aMUNICIPALIDAD PROVINCIAL DEL CUSCO
_cBIBLIOTECA MUNICIPAL DEL CUSCO
082 _a928.944 /
_bA34
100 _aAlberes, R.M.
_937097
245 _aSartre /
260 _aBarcelona :
_bFontanella,
_c1963.
300 _a176 paginas ;
_c18 cm.
505 _aContenido :Una obra metódica --DE la gratuidad de la existencia a la responsabilidad humana --Los miedos de los hombres --Los miedos de los hombres --La odisea de la libertad --Del escritor al analista política /
650 _aPosguerra
_94008
650 _aEscritor
_94550
650 _aMetodica
_937098
942 _2ddc
_cLIBROS
945 _arjall
_d2019-05-07